Advanced engineering mathematics (Record no. 2354)

000 -LEADER
fixed length control field 00457nam a22001937a 4500
001 - CONTROL NUMBER
control field 2354
003 - CONTROL NUMBER IDENTIFIER
control field BD-DhUET
008 - FIXED-LENGTH DATA ELEMENTS--GENERAL INFORMATION
fixed length control field 140922b xxu||||| |||| 00| 0 eng d
020 ## - INTERNATIONAL STANDARD BOOK NUMBER
International Standard Book Number 8121903459
040 ## - CATALOGING SOURCE
Transcribing agency 0
Modifying agency BD-DhUET
082 ## - DEWEY DECIMAL CLASSIFICATION NUMBER
Classification number 510
Item number DAS/2007
100 ## - MAIN ENTRY--PERSONAL NAME
Personal name Dass, H.K.
245 ## - TITLE STATEMENT
Title Advanced engineering mathematics
250 ## - EDITION STATEMENT
Edition statement 17th Rev. ed.
260 ## - PUBLICATION, DISTRIBUTION, ETC. (IMPRINT)
Place of publication, distribution, etc. Ram Nagar
Name of publisher, distributor, etc. S. Chand.
Date of publication, distribution, etc. 2007
300 ## - PHYSICAL DESCRIPTION
Extent xvi,1274p.
650 #0 - SUBJECT ADDED ENTRY--TOPICAL TERM
Topical term or geographic name as entry element Mathematics
942 ## - ADDED ENTRY ELEMENTS (KOHA)
Koha item type General Book
Holdings
Withdrawn status Koha issues (times borrowed) Copy number Not for loan Damaged status Koha date last seen Koha out on loan Piece designation (barcode) Koha normalized classification for sorting Source of classification or shelving scheme Koha item type Lost status Koha date last borrowed Shelving location Sublocation or collection (holding branch) Location (home branch) Price effective from Koha full call number Date acquired
 31  2023-05-06 103924510DAS2007 General Book 2022-11-23Circulation sectionCentral Library, BUETCentral Library, BUET2014-09-22510/DAS/20072014-09-22
 62  2026-01-132026-01-27103925510DAS2007 General Book 2026-01-13Circulation sectionCentral Library, BUETCentral Library, BUET2014-09-22510/DAS/20072014-09-22
 43  2025-02-10 103927510DAS2007 General Book 2024-12-01Circulation sectionCentral Library, BUETCentral Library, BUET2014-09-22510/DAS/20072014-09-22
 34  2023-06-05 103928510DAS2007 General Book 2023-03-22Circulation sectionCentral Library, BUETCentral Library, BUET2014-09-22510/DAS/20072014-09-22
 15  2016-02-24 103929510DAS2007 General Book 2014-11-12Circulation sectionCentral Library, BUETCentral Library, BUET2014-09-22510/DAS/20072014-09-22
 27  2023-02-28 103931510DAS2007 General Book 2023-01-11Circulation sectionCentral Library, BUETCentral Library, BUET2014-09-22510/DAS/20072014-09-22
 26  2023-06-07 103930510DAS2007 General Book 2022-11-23Circulation sectionCentral Library, BUETCentral Library, BUET2014-09-22510/DAS/20072014-09-22
 28  2019-03-31 103922510_000000000000000_DAS_2007 General Book 2019-01-20Circulation sectionCentral Library, BUETCentral Library, BUET2015-01-26510/DAS/20072015-01-26
 29  2025-04-07 103923510DAS_2007_000000000000000 General Book 2025-03-02Circulation sectionCentral Library, BUETCentral Library, BUET2015-09-01510DAS/20072015-09-01
 1110  2024-11-242024-12-08103926510_000000000000000_DAS_2007 General Book 2024-11-24Circulation sectionCentral Library, BUETCentral Library, BUET2017-05-29510/DAS/20072007-05-28